[Event "Neckar op-B 12th"]
[Site "Deizisau"]
[Date "2008.03.22"]
[Round "5"]
[White "Ekert, Niko"]
[Black "Stein, Carsten"]
[Result "1/2-1/2"]
[WhiteElo "1764"]
[BlackElo "1951"]
[PlyCount "120"]
[EventDate "2008.03.20"]
[EventType "swiss"]
[EventRounds "9"]
[EventCountry "GER"]
[SourceTitle "CBM 123 Extra"]
[Source "ChessBase"]
[SourceDate "2008.05.06"]
[SourceVersion "1"]
[SourceVersionDate "2008.05.06"]
[SourceQuality "1"]

1. d4 d5 2. Nf3 Nf6 3. Bf4 Bf5 4. c4 c6 5. e3 e6 6. Qb3 Qb6 7. Qxb6 axb6 8. Nbd2 Na6 9. cxd5 Nxd5 10. Bxa6 Rxa6 11. 0-0 Nxf4 12. exf4 Bd6 13. g3 0-0 14. a3 Rfa8 15. Nc4 Be7 16. Rfe1 b5 17. Ne3 Bg6 18. f5 exf5 19. Nxf5 Bxa3 20. Rxa3 Bxf5 21. Rxa6 bxa6 22. Rc1 Be4 23. Ne5 Rc8 24. f3 Bd5 25. Kf2 f6 26. Nd7 Kf7 27. b4 Rd8 28. Nc5 Bc4 29. Rd1 Re8 30. Re1 Ra8 31. Ra1 Re8 32. Re1 Rxe1 33. Kxe1 Ke7 34. Kd2 Kd6 35. Nxa6 Kd5 36. Ke3 g6 37. Nc7+ Kd6 38. Na6 f5 39. h4 Bf7 40. Kd3 h6 41. Nc5 g5 42. hxg5 hxg5 43. f4 gxf4 44. gxf4 Bc4+ 45. Ke3 Bf1 46. Kf2 Bh3 47. Ke3 Kd5 48. Kd3 Bf1+ 49. Ke3 Kc4 50. Na6 Bg2 51. Kf2 Be4 52. Ke3 Bd5 53. Ke2 Kxd4 54. Nc5 Kc3 55. Na6 Be6 56. Nb8 Bc4+ 57. Ke3 Kxb4 58. Nxc6+ Kc3 59. Ne7 Be6 60. Nc6 b4 1/2-1/2